000 00598nam a2200181Ia 4500
008 151202s9999||||xx |||||||||||||| ||und||
082 _bPNVM-66872
100 _aकुलकर्णी प्रल्हाद.
245 _aसमज-उमज.
260 _b"स्नेहवर्धन प्रकाशन,पुणे."
260 _c2008
300 _a112
600 _aकुलकर्णी प्रल्हाद.
630 _aसमज-उमज.
700 _aकुलकर्णी प्रल्हाद.
730 _aसमज-उमज.
942 _cBOOK
999 _c1333404
_d1333401